| 000 | 04344ncs1a2200589 4500 | ||
|---|---|---|---|
| 001 | RU\NLR\ONIZ\308135 | ||
| 005 | 20260315072854.0 | ||
| 035 | _a(NLR Aleph) 022751126 | ||
| 090 |
_a13635009 _c13635009 |
||
| 100 | _a20260315 rusy50 | ||
| 101 | 0 |
_arus _afre _frus _ffre |
|
| 102 | _aRU | ||
| 110 | _aazaz|||0|y| | ||
| 200 | 1 |
_aLa harpe du nord _bНоты _dСеверная арфа _zrus _ejournal de musique destiné uniquement à recueillir ce qu'il y aura de plus intéressant en fait de pièces fugitives, _fcomposées par les amateurs et les artistes demeurant en Russie: pour le chant, le piano, la harpe et la guitarre _gtrès humblement dédié à sa majesté I'impératrice règnante Elisabeth Alexiewna par l' éditeur Frédéric Satzenhoven |
|
| 210 |
_aSt. Petersbourg _cLitographie de Frédéric Satzenhoven _d[1821-1829] |
||
| 215 | _cИл. | ||
| 300 | _aЗагл. на авантит.: Северная арфа. | ||
| 300 | _aНа авантитулах № 1, 7 за 1822, 1824 год литография [А. О.] Дезарно (Desarnod): арфист на фоне петербургского пейзажа. | ||
| 300 | _aНа тит. л. 1822-1825 г. изображение арфы в лавровом венце. | ||
| 300 | _aНа тит. л. 1828-1829 г. изображение арфы на фоне лавровой ветви, декоративные украшения вокруг слов посвящения. | ||
| 300 | _aСведения к заглавию в 1826 г.: journal de musique pour le chant, le piano, la harpe, la guitarre etc. ; в 1829 г.: journal de musique pour le chant, le piano, la harpe, la guitarre. | ||
| 300 | _aСведения об ответственности в 1828 г.: composées par ... les artistes résidents en Russie ... . | ||
| 300 | _aПосвящение в 1826 г.: rédigé, lithographié & dedie à sa magesté l'imperatrice Elisabeth Alexiewna par son très-humble et très-obéissant serviteur Leopold de Peter ; в 1828 г.: redigée et dédie au beau sexe par H. Schmitzdorff ; в 1829 г.: redigée et dédie auх dames par H. Schmitzdorff. | ||
| 300 | _aИздатель: 1826-1827 г. - Леопольд фон Петер ; 1828-1829 г. - Генрих Шмицдорф. | ||
| 513 | 1 | _aСеверная арфа | |
| 606 | 1 |
_aНотные материалы для изучения истории музыки _yРоссия _z19 в. _jНоты _2nlr_sh |
|
| 606 | 1 |
_aИнструментальная музыка русская _z19 век _jНоты _2nlr_sh |
|
| 606 | 1 |
_aЖурналы музыкальные _yРоссия _z19 в. _jНоты _2nlr_sh |
|
| 606 | 1 |
_aМузыкальные произведения для фортепиано _z19 в. _jНоты _2nlr_sh |
|
| 606 | 1 |
_aМузыкальные произведения для фортепиано в 3 руки _yРоссия _z19 в. _jНоты _2nlr_sh |
|
| 606 | 1 |
_aВокальная музыка русская _z19 в. _jНоты _2nlr_sh |
|
| 606 | 1 |
_aМузыкальные произведения для арфы _jНоты _2nlr_sh |
|
| 606 | 1 |
_aМузыкальные произведения для гитары _jНоты _2nlr_sh |
|
| 606 | 1 |
_aМузыкальные произведения для голоса и фортепиано _yРоссия _z19-20 вв. _jНоты _2nlr_sh |
|
| 686 | 0 | _aЩ9я5(28) | |
| 686 | 0 | _aЩ93(2Р=Рус)5-4 | |
| 686 | 0 | _aЩ93(2Р=Рус)5-5 | |
| 702 | 0 |
_9z06790 _aЕлизавета Алексеевна _cимператрица рос. _f1779-1826 _4280 _7ca |
|
| 702 | 1 |
_9z07790 _aЗатценховен _bФ. _f1772 - 1-я пол. 19 в. _gФедор (Фридрих) _4650 _7ca |
|
| 702 | 1 |
_9z08790 _aДезарно _bА. О. _cгравер _cхудожник _f1788-1840 _gАвгуст Осипович _4350 _7ca |
|
| 790 | 0 |
_9z06702 _aElisabeth Alexiewna _f1779-1826 _4280 _7ba |
|
| 790 | 1 |
_9z07702 _aSatzenhoven _bF. _f1772 - 1-я пол. 19 в. _gFriedrich _4650 _7ba |
|
| 790 | 1 |
_9z08702 _aDesarnod _bA. J. _cengraver engraver _f1788-1840 _gAuguste-Joseph _4350 _7ba |
|
| 801 | 0 |
_aRU _bNLR _c20250904 _gPSBO |
|
| 801 | 1 |
_aRU _bNLR _c20250904 _2rusmarc |
|
| 801 | 2 |
_aRU _bNLR _c20260306 |
|
| 852 |
_aNLR _jМ 970-4/C.280 _t1 |
||
| 852 |
_aNLR _jМ 970-4/C.280 _t1 |
||
| 942 | _cSCORE | ||
| 980 | _aONIZ | ||
| 980 | _aNB | ||